000 00424nam a2200157Ia 4500
008 151213s9999 xx 000 0 und d
100 _aEarl K. Bower
245 _aMathematics : With Applications in Management & Economics
_cEarl K. Bower
250 _a7th
260 _aAustralia
_bIrwin
_c2003 - 2004
300 _a1620 p.
650 _aMathematics
650 _aMathematics
700 _aEarl K. Bower
999 _c1229
_d1229